American Rebellions and Uprisings - Statistics

General Stats
  • This quiz has been taken 90 times
  • The average score is 6 of 18
Answer Stats
Location Years Description Rebellion % Correct
Washington, D.C. 2021 Trump supporters rally and storm this building Storming of the {Capitol}
92%
Pennsylvania 1791 - 1794 Uprising against liquor taxes {Whiskey} Rebellion
79%
Entire country 1861 - 1865 Deadliest war in American history Civil War
77%
Virginia 1859 Led by John Brown; prelude to the below {Harpers} {Ferry} Raid
56%
Massachusetts 1786 - 1787 Influenced the writing of the Constitution {Shays}' Rebellion
52%
Virginia 1831 Slave uprising; ensuing riots killed dozens {Nat} {Turner}'s Rebellion
49%
New York City 1863 Riots against forced conscription New York {Draft} Riots
45%
Appalachia 1890 - 1930 Series of strikes against unfair labor practices {Coal} Wars
29%
New York 1971 One of the deadliest prison riots in U.S. history {Attica} Prison Riot
25%
Puerto Rico 1950 Uprising for Puerto Rican independence {San} {Juan} Revolt
21%
Tennessee 1946 WWII veterans rise against local corruption Battle of {Athens}
16%
North Carolina 1898 Uprising against the election of Republicans {Wilmington} Insurrection
12%
Oklahoma 1917 Rebellion against WWI conscription Green {Corn} Rebellion
11%
New York 1839 - 1845 Land reform war against the Patroon system Anti-{Rent} War
7%
New Orleans 1874 Uprising against the election of Republicans Battle of {Liberty} Place
7%
Rhode Island 1841 - 1842 Uprising in order to expand R.I. suffrage {Dorr} Rebellion
5%
New Mexico 1847 War against the U.S. occupation of New Mexico {Taos} Revolt
5%
Alabama 1874 Uprising against the election of Republicans {Election} Massacre of 1874
4%
No matching quizzes found
Score Distribution
Percent of People with Each Score
Percentile by Number Answered
Your Score History
You have not taken this quiz